Campeões da Copa do Brasil - Statistics

Estatísticas Gerais
  • Esse quiz foi jogado 30 189 vezes
    16 659 desde o último reset
  • A pontuação média é 14 de 17
Estatísticas das Respostas
Ano Time % Correto
2022, 2013, 2006, 1990 Flamengo
99%
2020, 2015, 2012, 1998 Palmeiras
98%
2023 São Paulo
98%
2009, 2002, 1995 Corinthians
96%
2014, 2021 Atlético Mineiro
94%
2018-17, 2003, 2000, 1996, 1993 Cruzeiro
94%
2016, 2001, 1997, 1994, 1989 Grêmio
94%
2010 Santos
93%
2011 Vasco da Gama
93%
2007 Fluminense
92%
1992 Internacional
90%
2019 Athletico Paranaense
85%
2008 Sport Recife
72%
1999 Juventude
59%
2004 Santo André
59%
1991 Criciúma
57%
2005 Paulista
52%
Nenhum quiz correspondente encontrado
Distribuição das Pontuações
Porcentagem de Pessoas com Cada Pontuação
Percentil de Números Respondidos
Sua Pontuação Histórica
Você não jogou esse quiz desde o último reset